000 00526nam a2200181Ia 4500
003 GCL
008 140319s9999 xx 000 0 ara d
040 _aGCL /
_cGCL
082 0 4 _a823.03
_bهـ ت
100 1 _aهيرسى , جون
245 1 0 _aتحية الاجراس /
_cهيرسى , جون
700 1 _aحسن الجداوى (مترجم)
300 _a436 ص
490 _aمن القصص العالمى
_v0
650 0 4 _aالقصص الانجليزية
650 0 4 _aالادب الانجليزى
942 _2ddc
_cBK
999 _c46706
_d46706